| 000 | 00954nam a2200241 i 4500 | ||
|---|---|---|---|
| 001 | 186509 | ||
| 003 | SpMaBN | ||
| 005 | 20230906222702.0 | ||
| 008 | 161118s2003 sp |||| |dspa d | ||
| 020 | _a84-369-3682-5 | ||
| 080 | _a316.7 | ||
| 245 | 0 | 0 |
_aCulturas en contacto, encuentros y desencuentros / _ccoordinadores, José Luis García, Ascensión Barañano. |
| 260 |
_a[Madrid] : _bSecretaría General Técnica, Subdirección General de Información y Publicaciones, _c[2003] |
||
| 300 |
_a283 p. ; _c24 cm. |
||
| 504 | _aReferencias bibliográficas. | ||
| 546 | _aTexto en español, resúmenes en español e inglés. | ||
| 594 | _aRecoge las intervenciones del curso "Culturas en Contacto. Encuentros y desencuentros" | ||
| 650 | 0 | 7 |
_aGrupos sociales. _913166 |
| 650 | 0 | 7 |
_aComunicación intercultural. _911198 |
| 700 | 1 |
_aGarcía García, José Luis. _954663 |
|
| 700 | 1 |
_aBarañano, Ascensión. _9161331 |
|
| 852 |
_aES-MaACL _jL-30853 |
||
| 999 |
_c186509 _d186509 |
||